Zaměstnanost mladých v České republice: pohled ČMKOS /

Hlavní autor: Janíčko, Pavel, 1957-
Jazyk: Čeština
Vydáno: Praha : Friedrich-Ebert-Stiftung, 2012
Edice: Dialog, strategie, alternativy
Témata:
Externí odkaz: Digitalizovaný dokument
Fyzický popis: 22 s. : il. ; 30 cm
Knihy
Uloženo v:
LEADER 01802nam a2200493 a 4500
001 nkc20122414449
003 CZ PrNK
005 20130212102201.0
007 ta
008 130111s2012 xr a e 000 0 cze
015 |a cnb002414449 
020 |a 978-80-87748-04-6  |q (brož.) 
035 |a (OCoLC)827260516 
040 |a ABA001  |b cze 
043 |a e-xr--- 
045 |a y0y1 
072 7 |a 331  |x Práce  |2 Konspekt  |9 4 
080 |a 316.346.3-053.81  |2 MRF 
080 |a 331.526  |2 MRF 
080 |a (437.3)  |2 MRF 
080 |a (048.8)  |2 MRF 
100 1 |a Janíčko, Pavel,  |d 1957-  |7 jo2013741399  |4 aut 
245 1 0 |a Zaměstnanost mladých v České republice: pohled ČMKOS /  |c Pavel Janíčko 
260 |a Praha :  |b Friedrich-Ebert-Stiftung,  |c 2012 
300 |a 22 s. :  |b il. ;  |c 30 cm 
490 1 |a Dialog, strategie, alternativy 
500 |a Název z obálky 
504 |a Obsahuje bibliografii 
648 7 |a 2001-2020  |7 ch460601  |2 czenas 
648 7 |a 2007-2012  |7 ch969043  |2 czenas 
650 0 7 |a mladí lidé  |7 ph128031  |z Česko  |y 2001-2020  |2 czenas 
650 0 7 |a zaměstnanost  |7 ph127533  |z Česko  |y 2001-2020  |2 czenas 
650 0 9 |a young adults  |z Czechia  |y 2001-2020  |2 eczenas 
650 0 9 |a employment  |z Czechia  |y 2001-2020  |2 eczenas 
655 7 |a studie  |7 fd133597  |2 czenas 
655 9 |a studies  |2 eczenas 
830 0 |a Dialog, strategie, alternativy  |0 s 
856 4 1 |u http://www.digitalniknihovna.cz/mzk/uuid/uuid:be6972d0-73fd-11e5-9690-005056827e51  |y Digitalizovaný dokument  |x NDK 
910 2 |a BOA001  |b 4-1298.760 
990 |a BK 
995 |a 01 
991 |b 201302  |c NOV  |e n 
996 6 |b 2610536835  |c 4-1298.760  |l MZK  |r Sklad / do 1 hodiny  |n 0  |p p.v.  |w 001310315  |u 000010  |a 1  |e BOA001  |j MZK50  |s P 
996 7 |b 2610536836  |c 4-1298.760  |l MZK  |r Sklad / do 1 hodiny  |n 9  |p p.v.  |w 001310315  |u 000020  |a 1  |e BOA001  |j MZK50  |s A